| 000 | 00897cad a22002055a 4500 | ||
|---|---|---|---|
| 001 | E154441 | ||
| 008 | 111205e20111202xxk 000 0 eng d | ||
| 035 | _a(Sirsi) u154441 | ||
| 041 | 0 | _aeng | |
| 110 | 2 |
_aScotland _bScottish Government _95344 |
|
| 245 | 0 | 0 |
_aCommunity benefits from renewables _h[electronic resource] |
| 260 | _c2011 | ||
| 490 |
_aScottish Government News Release _v2 December 2011 |
||
| 520 | _aThe Scottish Government is setting up a public register detailing community benefits frm renewable energy developments, to assist communities in making comparisons between schemes. The register will be established in 2012. | ||
| 590 | _aKA | ||
| 651 | 4 |
_aScotland _y1999- |
|
| 690 | _aENVIRONMENTAL AND LAND CONSULTANCY-ENERGY-RENEWABLE ENERGY | ||
| 856 | 4 | 0 |
_uhttps://www.scotland.gov.uk/News/Releases/2011/12/01135633 _zView the news release at www.scotland.gov.uk |
| 942 | _n0 | ||
| 999 |
_c83619 _d83619 |
||